Marketing y publicidad en Internet (Registro nro. 170041)
[ vista simple ]
| 000 -LEADER | |
|---|---|
| fixed length control field | 02279nam a22002537a 4500 |
| 007 - PHYSICAL DESCRIPTION FIXED FIELD--GENERAL INFORMATION | |
| fixed length control field | cr|||| |||| |
| 008 - FIXED-LENGTH DATA ELEMENTS--GENERAL INFORMATION | |
| fixed length control field | 210617s2011 co |||||s|||| 00||0 spa d |
| 020 ## - INTERNATIONAL STANDARD BOOK NUMBER | |
| International Standard Book Number | 978-958-8675-48-0 |
| 035 ## - | |
| -- | 33462 |
| 040 ## - CATALOGING SOURCE | |
| Original cataloging agency | vLex |
| 090 ## - | |
| -- | 11805 |
| -- | 11805 |
| 100 1# - MAIN ENTRY--PERSONAL NAME | |
| Personal name | Martí Parreño, José |
| 245 10 - TITLE STATEMENT | |
| Title | Marketing y publicidad en Internet |
| Medium | [Recurso electrónico] / |
| Statement of responsibility, etc | José Martí Parreño |
| 256 ## - | |
| -- | Servicio en línea |
| 260 ## - PUBLICATION, DISTRIBUTION, ETC. (IMPRINT) | |
| Place of publication, distribution, etc | Bogotá: |
| Name of publisher, distributor, etc | Ediciones de la U, |
| Date of publication, distribution, etc | 2011 |
| 300 ## - PHYSICAL DESCRIPTION | |
| Extent | 1 recurso electrónico |
| 500 ## - GENERAL NOTE | |
| General note | Internet se ha ido consolidando en los últimos años como un medio imprescindible tanto en los planes de marketing como en las acciones de comunicación y publicidad de cada vez más empresas y organizaciones. En pocos años no estar en Internet será sinónimo de no ser visible a los ojos de los consumidores, unos consumidores que buscan en Internet información sobre productos y servicios; que comparan precios; que los adquieren a través de plataformas de comercio electrónico; que hablan entre ellos acerca de las empresas y sus productos Esta guía básica pretende ayudar a cualquier tipo de empresa u organización a estar en Internet: mediante el desarrollo de una campaña de banners o un contenido de marca branded content; con el uso de herramientas de posicionamiento en buscadores o estrategias de comunicación como el marketing viral y el blogvertising; con el conocimiento de aspectos básicos a la hora de desarrollar un sitio Web comercial y cuestiones importantes a la hora de planificar una plataforma de comercio electrónico, además se analizan tendencias en marketing y comunicación como el plinking, el desarrollo de videojuegos orientados a la comunicación comercial advergames y el product placement inverso, entre otras. |
| 506 1# - RESTRICTIONS ON ACCESS NOTE | |
| Terms governing access | Disponible solo en los productos indicados |
| Authorized users | vLex Global |
| -- | vLex Global (Academic Edition, excluding Law Schools) |
| -- | vLex Global (U.S. Academic Edition, Law Schools) |
| -- | vLex Global (U.S. Academic Edition, excluding Law Schools) |
| -- | vLex Global (Academic Edition, Law Schools) |
| 650 04 - SUBJECT ADDED ENTRY--TOPICAL TERM | |
| Topical term or geographic name as entry element | Marketing |
| Geographic subdivision | Colombia |
| 740 0# - | |
| -- | vLex Libros (Servicio en línea) |
| 856 40 - LOCALIZACIÓN Y ACCESO ELECTRÓNICO | |
| Identificador Uniforme del Recurso (URI/URL) | https://vlex.com/source/marketing-y-publicidad-en-internet-33462 |
| 942 ## - | |
| -- | RAA |
| 999 ## - | |
| -- | 170041 |
| -- | 170041 |
No hay ítems disponibles.